Grundlagen der geometrisch-optischen Abbildung /

Salvato in:
Dettagli Bibliografici
Autore principale: Picht, Johannes (Autore)
Natura: Libro
Lingua:tedesco
Pubblicazione: Berlin : VEB Deutscher Verlag für Wissenschaft, 1955
Soggetti:
Tags: Aggiungi Tag
Nessun Tag, puoi essere il primo ad aggiungerne!!

MARC

LEADER 00000nam a22000003a 4500
001 stu40458
005 20150617225722.8
008 930505s1955----gw------------------ger-d
040 |a STU  |b slo 
041 0 |a ger 
044 |a gw 
080 |a 535.1  |7 stu_us_auth*stu6848 
100 1 |a Picht, Johannes  |4 aut 
245 1 |a Grundlagen der geometrisch-optischen Abbildung /  |c [aut.]Johannes Picht 
260 |a Berlin :  |b VEB Deutscher Verlag für Wissenschaft,  |c 1955 
300 |a 187 s 
650 7 |a Optika geometrická  |2 stusub 
996 |b 284M016039  |c M*3879-1  |l MMKN  |s A  |a 24  |w stu40458_0001